000 00558nam a22002057a 4500
999 _c2173
_d2173
003 OSt
005 20191108154709.0
008 150730b xxu||||| |||| 00| 0 eng d
020 _a0273651439
040 _cDNLM
082 _a658.3 FOO 2002
100 _aFoot, Margaret; Hook, Caroline
_95569
245 _aIntroducing Human Resource Management
250 _a3rd ed.
260 _aHarlow :
_bPrentice Hall ;
_c2002.
300 _axii, 484 p :
_bill;
_c27 cm.
504 _aIncludes index
650 _aHuman resource Management
_95317
942 _2z
_cSLOAN